| 000 | 00542nam a2200193Ia 4500 | ||
|---|---|---|---|
| 005 | 20250508151858.0 | ||
| 008 | 008 250505s9999 xx 000 0 eng d | ||
| 037 | _aTextual | ||
| 040 |
_aFEDL _beng _cFEDL |
||
| 041 |
_aeng _2eng |
||
| 084 |
_a371.3, SHA _qFEDL |
||
| 100 |
_aShaw Phillip B _9760254 |
||
| 245 | 0 | _aEffective reading and learning | |
| 260 |
_aNew York, USA _bThomas Y Crowell Company _c1955 |
||
| 300 | _ax,447p. | ||
| 650 | _aTeaching Technique | ||
| 942 |
_cTEXL _h371.3, SHA |
||
| 999 |
_c1332655 _d1332655 |
||